Statistics for NBA Beefs

Click here to take the quiz!

General Stats

  • This quiz has been taken 18 times
  • The average score is 14 of 38

Answer Stats

HintAnswer% Correct
Patrick Ewing Vs.Michael Jordan
82%
Isiah Thomas Vs.Michael Jordan
82%
Dominique Wilkins Vs.Michael Jordan
82%
Lakers Vs.Celtics
76%
Pistons Vs.Celtics
76%
LeBron James Vs.Kobe Bryant
71%
Shaquille O'Neal Vs.Kobe Bryant
71%
Raja Bell Vs.Kobe Bryant
71%
Bill Russell Vs.Wilt Chamberlain
71%
Magic Johnson Vs.Larry Bird
65%
Larry Bird Vs.Isiah Thomas
59%
Knicks Vs.Heat
53%
Lakers Vs.Kings
47%
Pacers Vs.Knicks
47%
Lakers Vs.Knicks
47%
Bulls Vs.Knicks
47%
Spurs Vs.Mavericks
47%
Pistons Vs.Bulls
41%
Patrick Ewing Vs.Hakeem Olajuwon
41%
David Robinson Vs.Hakeem Olajuwon
41%
Larry Bird Vs.Julius Erving
41%
Karl Malone Vs.Dennis Rodman
35%
Rajon Rondo Vs.Chris Paul
29%
Charles Barkley Vs.Kevin Mchale
29%
Suns Vs.Spurs
24%
Mark Cuban Vs.David Stern
18%
Stan Van Gundy Vs.David Stern
18%
Jerry West Vs.John Havlicek
12%
Kermit Washington Vs.Rudy Tomjanovich
12%
Chris Paul Vs.Deron Williams
6%
Kareem Abdul-Jabbar Vs.Bill Russel
0%
Michael Jordan Vs.Bryon Russell
0%
LeBron James Vs.DeShawn Stevenson
0%
Dennis Rodman Vs.Frank Brickowski
0%
Gilbert Arenas Vs.Javaris Crittenton
0%
Seattle Vs.OKC
0%
Kobe Bryant Vs.Ruben Patterson
0%
Kevin Garnett Vs.Zaza Pachulia
0%

Score Distribution

Percentile by Number Answered

Percent of People with Each Score

Your Score History

You have not taken this quiz